1241 1449 1875 1299 1566 1778 1469 1075 1599 1960 1945 1684 1151 1140 1094 1366 1045 1617 1933 1717 1710 1387 1609 1856 1637 1757 1229 1343 1095 1282 1207 1524 1464 1173 1057 1895 1384 1945 1744 1200 1616 1963 1398 1225 1791 1682 1156 1251 1347 1015 1314 1171 1191 1691 1918 1317 1850 1378 1587 1741 1110 1376 1630 1886 1051 1381 1812 1063 1669 1940 1647 1119 1537 1744 1099 1501 1909 1476 1504 1514 1264 1922 1448 1080 1740 1703 1276 1883 1318 1936 1111 1628 1313 1558 1466 1373 1968 1807 1279 BCNSPRNW ULIB Ver.6.0+V

เปลี่ยนเป็นภาษาไทย

Change to English
 แสดงรายละเอียดบรรณานุกรม
  กลับหน้าหลัก

Brief Record : Get Marc (ISO 2709) : E-mail record : QR code < ปิดหน้าต่าง
LEADER : 00000nam 2200000uu 4500
001    13399108861
003     ULIB
008    110315s2543||||th 000 0 tha d
020    9743468811
060 04 W85^bอ639พ 2543
100 0  อาภา ศิริวงศ์ ณ อยุธยา
245 10 พฤติกรรมสุขภาพเมื่อเจ็บป่วยของประชาชนในภาวะวิกฤตเศรษฐกิจ :^bการศึกษาในจังหวัดพิษณุโลกและจังหวัดศรีสะเกษ /^cนักวิจัยอาภา ศิริวงศ์ ณ อยุธยา, กอบกุล สามัคคี
246 14 พฤติกรรมสุขภาพเมื่อเจ็บป่วยในภาวะวิกฤตเศรษฐกิจ
260    กรุงเทพฯ :^bสถาบันวิจัยสังคม จุฬาลงกรณ์มหาวิทยาลัย,^c2543
300    ก-จ, 152 หน้า :^bภาพประกอบ ;^c30 ซม.
500    ชื่อเรื่องบนปก :พฤติกรรมสุขภาพเมื่อเจ็บป่วยในภาวะวิกฤตเศรษฐกิจ
650  7 พฤติกรรมสุขภาพ
650  7 สุขภาพและอนามัย^xภาวะเศรษฐกิจ
700 0  กอบกุล สามัคคี
710 2  จุฬาลงกรณ์มหาวิทยาลัย. ^bสถาบันวิจัยสังคม
945    ^p0^l0^i014364
995    ทศพร
999 ^a ใช้งานได้ทุกระบบ
รายการนี้ยังไม่มีแท็ก
คุณยังไม่ได้ล็อกอิน คุณสามารถมีกิจกรรมร่วมกับเว็บไซต์ได้ แต่ต้องล็อกอินก่อน ::
  ล็อกอิน

รายการสื่อสารสนเทศ

ลำดับที่ ประเภท เลขเรียก/บาร์โค้ด สถานที่ สถานะ
- ไม่พบข้อมูล -

รายการใกล้เคียง
    หัวเรื่อง [พฤติกรรมสุขภาพ]

BibComment


ยังไม่เคยถูกคอมเมนท์

คอมเมนท์ทรัพยากรรายการนี้
  คอมเมนท์: พฤติกรรมสุขภาพเมื..


 Copyright 2026. Bcnsprnw @Library